000 00283nam a2200097Ia 4500
008 230907s9999||||xx |||||||||||||| ||und||
082 _a363.17990952117
_bISH
245 2 _aA study of the Fukushima Daiichi nuclear accident process :
260 _aLondon:
_bSpringer;
_c2015
942 _cBK
999 _c597856
_d597856